Envisioning future academic library services : initiatives, ideas and challenges

Bibliographic Details
Main Author: McKnight, Sue (Author)
Format: Book
Language:English
Published: London : Facet , 2010
Subjects:

MARC

LEADER 00000cam a2200000 7i4500
001 0000072467
005 20110822093000.0
008 110508s2010 enk eng
020 |a 1856046915 (hbk.) 
020 |a 9781856046916 (hbk.) 
050 0 0 |a Z711   |b .E58 2010 
090 0 0 |a Z711   |b .E58 2010 
245 1 0 |a Envisioning future academic library services :   |b initiatives, ideas and challenges   |c edited by Sue McKnight 
260 |a London :   |b Facet ,   |c 2010 
300 |a xxii, 247 p. :   |b ill. ;   |c 23 cm. 
504 |a Includes bibliographical references and index 
505 0 |a 1. Waiting for the barbarians: seeking solutions or awaiting answers? -- 2. The delete generation: how citizen-created content is transforming libraries -- 3. Libraries as places: challenges for the future -- 4. Web 2.0: redefining and extending the service commitment of the academy library -- 5. Second life and llibraries: boom or bust? -- 6. Some new business ideas in the HSS publilshing space: what may librarians expect? -- 7. Loosely joined: the discovery and consumption of scholarly contetnt in the digital era -- 8. knowledge management, universities and libraries -- 9. Libraries and the management of research data -- 10. The leadership of the future -- 11. Adding value to learning and teaching -- 12. In search of the road ahead: the future of academic libraries in China 
650 0 |a Academic libraries 
650 0 |a Libraries 
700 1 |a McKnight, Sue ,   |e author 
999 |a 1000140362   |b Book   |c OPEN SHELF (30 DAYS)   |e Gong Badak Campus